| 000 | 01982nam a2200385Ii 4500 | ||
|---|---|---|---|
| 001 | DIGSLX2042 | ||
| 003 | NyNyDIG | ||
| 006 | m o d | ||
| 007 | cr ||||||||||| | ||
| 008 | 130401s2012 sp a ob 000 0 spa d | ||
| 020 | _z9788477376040 | ||
| 020 | _z8477376042 | ||
| 035 | _a(OCoLC)888278785 | ||
| 040 |
_aDGITA _beng _epn _cDGITA |
||
| 050 | 1 | 4 | _aCS2741 eBook |
| 245 | 0 | 3 |
_aLa suerte de los nombres propios : _bléxico y ortografía / _cJorge Braga Riera (coord.). |
| 264 | 1 |
_aMadrid : _bSílex, _c2012. |
|
| 300 |
_a1 online resource (286 pages) : _bill. |
||
| 336 |
_atext _btxt _2rdacontent |
||
| 337 |
_acomputer _bc _2rdamedia |
||
| 338 |
_aonline resource _bcr _2rdacarrier |
||
| 490 | 1 | _aSílex universidad. | |
| 504 | _aIncludes bibliographical references. | ||
| 505 | 0 | _aIntroducción -- Commonizing: la derivación implícitade los antropónimos ingleses / Jorge Braga Riera y Carmen Maíz Arévalo -- Deonomasticæ Vasconum Primitiæ / Karlos Cid Abasolo -- Deonomástica del español de América / Consuelo García Gallarín -- Contribución a la deonomástica portuguesa / María Victoria Navas Sánchez-Élez -- Variación antroponímica: Diana y Jessica / María del Carmen Bravo Llatas -- Braquigrafía de los antropónimosen la documentación manuscrita moderna y contemporánea / Juan Carlos Galende Díaz -- Aspectos gráficos del nombre propio de personaen la Edad Media: abreviaturas / María Simón Parra -- Denominativos árabes con forma de expresiones idiomáticas / Francisco Ruiz Girela. | |
| 650 | 0 |
_aNames, Personal _xSpanish. |
|
| 650 | 0 |
_aSpanish language _xEtymology _xNames. |
|
| 655 | 0 | _aElectronic books. | |
| 700 | 1 | _aBraga Riera, Jorge. | |
| 791 | 2 |
_aDigitalia (Firm), _edistributor. |
|
| 830 | 0 | _aSílex universidad. | |
| 793 | 0 |
_gDigitalia eBook Collection: _aSílex. |
|
| 856 | 4 | 0 |
_3Digitalia Hispánica _uhttps://www.digitaliapublishing.com/a/18983/ |
| 910 | _aPremium Collection: 2007-2012 | ||
| 942 | _cRAA | ||
| 999 |
_c236206 _d236206 |
||